01514nam a2200337 a 4500001001300000003000900013005001700022008004100039020001800080040002800098043001200126082002200138245025700160260008300417300004700500504006100547650005100608650004600659650004700705650004900752700003100801700003200832700002700864700003200891700003400923700003400957700003600991942000801027999001701035952012401052C01493095c-0CO-ViMGA20230915233146.0150925s2015 ck a gr 00010 spa d a9789587753189 aCO-ViMGAbspacCO-ViMGA as-ck---04a571.864 P65a 21900aPolinización por abejas en cultivos promisorios de Colombia : bagraz (vaccinium meridionale), chamba (campomanesia lineatifolia), cholupa (passiflora maliformis) / cÁngela Rodríguez Calderon, Fermín J. Chamorro, Laura V. Calderón [y otros]. aBogotá : bUniversidad Nacional de Colombia : bIcpa : bColciencias,c2015. a143 páginas : bilustraciones ; c24 cm. aIncluye referencias bibliográficas (páginas 140-142)14aFecundación de las plantasz Colombia.9585114aChambax Polinizaciónz Colombia.9585314aCholupax Polinizaciónz Colombia.9585414aMortiñox Polinizaciónz Colombia.958521 aCalderón, Laura V.958591 aChamorro, Fermín J.958581 aHenao, Mónica.958601 aNates-Parra, Guiomar.958571 aOspina-Torrez, Rodulfo.958611 aPinilla, Mario Simón.958561 aRodríguez-C., Ángela.95855 2ddc c36078d36078 00102ddc40708003aMEVIECARbMEVIECARd2016-09-07l0o571.864 P65ap31076r2016-09-07 00:00:00tEj.1w2016-09-07yBK